| 000 | 00822nam a2200193 a 4500 | ||
|---|---|---|---|
| 005 | 20210223122832.0 | ||
| 008 | 991125s1970 mx 000 0 spa u | ||
| 035 | _aUPN01000042596 | ||
| 049 | _aF | ||
| 050 | 4 |
_aLA429 C3 _b062 |
|
| 110 | 2 |
_aUniversidad Autónoma de Coahuila. _bDirección de Asuntos Académicos. _bDepartamento de Orientación Educativa |
|
| 245 | 1 | 0 |
_aOpciones educativas del nivel superior en el Estado de Coahuila / _cUniversidad Autónoma de Coahuila, Dirección de Asuntos Académicos, Departamento de Orientación Educativa. |
| 260 |
_a[Saltillo] : _bUAC, Dirección de Asuntos Académicos, _c[197?]. |
||
| 300 | _a46 p. | ||
| 440 | 0 |
_aNivel medio superior ; _v5 |
|
| 500 | _aDatos tomados de la cubierta | ||
| 650 | 4 |
_aEDUCACION SUPERIOR - _zCOAHUILA - _vPLANES Y PROGRAMAS _917985 |
|
| 905 | _aLibro | ||
| 999 |
_c42596 _d42596 |
||